| 000 | 00491nam a2200181 4500 | ||
|---|---|---|---|
| 001 | VA27502 | ||
| 003 | ES-SlBCS | ||
| 005 | 20230307091444.0 | ||
| 008 | 140520s1974 xxu||||| |||| 00| 0 spa d | ||
| 041 | _aspa | ||
| 100 | 1 |
_aMiguel, Amando de _d(1937-) _9102755 |
|
| 245 | 1 | 0 |
_aSexo, mujer y natalidad en España _cAmando de Miguel |
| 260 |
_aMadrid : _bEdicusa _c, 1974 |
||
| 300 |
_a200 p.; _c18 cm |
||
| 490 | 0 |
_aDivulgación Universitaria _v68 |
|
| 651 |
_aEspaña _9104955 |
||
| 942 | _cBK | ||
| 999 |
_c804422 _d804422 |
||